书目信息 |
| 题名: |
动物防疫与检疫技术
|
|
| 作者: | 王子轼 主编 | |
| 分册: | ||
| 出版信息: | 北京 中国农业出版社 2006 |
|
| 页数: | 174页 | |
| 开本: | 23cm | |
| 丛书名: | ||
| 单 册: | ||
| 中图分类: | S851.3 | |
| 科图分类: | ||
| 主题词: | 动物--防疫--高等教育--教材 , 动物--检疫--高等教育--教材 , 动物 , 防疫 , 检疫 | |
| 电子资源: | ||
| ISBN: | 978-7-109-10672-7 | |
| 000 | 00976nam0 2200289 45 | |
| 001 | 1356806578 | |
| 005 | 20130514173215.09 | |
| 010 | @a978-7-109-10672-7@dCNY23.80 | |
| 100 | @a20130108d2006 em y0chiy0110 ea | |
| 101 | 0 | @achi |
| 102 | @aCN@b110000 | |
| 105 | @ay z 000yy | |
| 106 | @ar | |
| 200 | 1 | @a动物防疫与检疫技术@ADong Wu Fang Yi Yu Jian Yi Ji Shu@f王子轼主编@FWang Zi Shi Zhu Bian |
| 210 | @a北京@c中国农业出版社@d2006 | |
| 215 | @a174页@d23cm | |
| 300 | @a21世纪农业部高职高专规划教材 畜牧兽医专业用 | |
| 330 | @a本书主要内容包括动物防疫的基本知识、动物防疫技术、重大动物疫病的处理、动物检疫基本知识、动物检疫技术、主要疫病的检疫、动物生产与流通环节的检疫。 | |
| 606 | 0 | @a动物@x防疫@x高等教育@j教材 |
| 606 | 0 | @a动物@x检疫@x高等教育@j教材 |
| 606 | 0 | @a动物 |
| 606 | 0 | @a防疫 |
| 606 | 0 | @a检疫 |
| 690 | @aS851.3@v5 | |
| 701 | 0 | @a王子轼@AWang Zi Shi@g(畜牧兽医)@4主编 |
| 801 | @aCN@bTANGWEI@c20130108 | |
| 905 | @b0829706-10@dS851.3@e94@f5 | |
| 动物防疫与检疫技术/王子轼主编.-北京:中国农业出版社,2006 |
| 174页;23cm |
| 21世纪农业部高职高专规划教材 畜牧兽医专业用 |
| ISBN 978-7-109-10672-7:CNY23.80 |
| 本书主要内容包括动物防疫的基本知识、动物防疫技术、重大动物疫病的处理、动物检疫基本知识、动物检疫技术、主要疫病的检疫、动物生产与流通环节的检疫。 |
| ● |
| 相关链接 |
|
|
|
|
正题名:动物防疫与检疫技术
索取号:S851.3/94
 
预约/预借
| 序号 | 登录号 | 条形码 | 馆藏地/架位号 | 状态 | 备注 |
| 1 | 0829706 | 208297065 | 第二样本阅览室/ [索取号:S851.3/94] | 在馆 | |
| 2 | 0829707 | 208297074 | 第三借阅区/ [索取号:S851.3/94] | 在馆 | |
| 3 | 0829708 | 208297083 | 第三借阅区/ [索取号:S851.3/94] | 在馆 | |
| 4 | 0829709 | 208297092 | 第三借阅区/ [索取号:S851.3/94] | 在馆 | |
| 5 | 0829710 | 208297109 | 第三借阅区/ [索取号:S851.3/94] | 在馆 |